00622cam a2200181 i 450000500170000002000180001704000340003508200180006910000250008724500910011226000580020330000260026150400570028765000400034465000320038494200070041699900170042320260414062449.0 a9789987082179 aMCCLbeng.eAACR 2nd rev. ed. a347.09678 MAS1 aMashamba, Clement J.10aAlternative dispute resolution in Tanzania :blaw and practice /cClement J. Mashamba. aDar es Salaam:bMkuki na Nyota publisher LTD,cc2014. axvii, 205 P.:c24 cm. aIncludes bibliographical references (pages 201-205). 0aDispute resolution (Law)zTanzania. 0aCompromise (Law)zTanzania. cBK c12583d12583